Igualdad fundamental e igualdades secundarias
Tallennettuna:
| Päätekijä: | |
|---|---|
| Aineistotyyppi: | Kirja |
| Kieli: | espanja |
| Julkaistu: |
Santiago
Talleres tipográficos del Centro Editorial La Prensa
1899
|
| Painos: | 1a. ed |
| Sarja: | Propaganda democrática
|
| Aiheet: | |
| Tagit: |
Lisää tagi
Ei tageja, Lisää ensimmäinen tagi!
|
MARC
| LEADER | 00000nam a2200000 a 4500 | ||
|---|---|---|---|
| 001 | UCJ4153 | ||
| 003 | CL-VaPUC | ||
| 008 | 070124e18990000CL |||||||||||||||||spa|d | ||
| 082 | 0 | 4 | |a 320 |b FIG |2 21 |
| 100 | 0 | |a Figueroa, Virgilio |e author |9 507205 | |
| 245 | 1 | 0 | |a Igualdad fundamental e igualdades secundarias |
| 250 | |a 1a. ed | ||
| 300 | |a 184 p | ||
| 942 | |c BK | ||
| 945 | |d 20070124 00:00:00 |a rinostro | ||
| 260 | |a Santiago |b Talleres tipográficos del Centro Editorial La Prensa |c 1899 | ||
| 650 | 0 | |a Derechos civiles |9 255655 | |
| 650 | 0 | |a Igualdad |9 258477 | |
| 650 | 7 | |a SUFRAGIO UNIVERSAL |2 CL-VaPUC |9 507206 | |
| 650 | 0 | |a Ciencias Políticas |9 255201 | |
| 583 | |a last modification |c 20070124 00:00:00 |k Rodrigo Vera | ||
| 490 | 0 | |a Propaganda democrática | |
| 999 | |c 320270 |d 320268 | ||
| 952 | |0 0 |1 0 |4 0 |6 320_000000000000000_FIG_1899 |7 0 |8 X |9 398759 |a FDOBUD |b FDOBUD |d 2019-11-22 |i 1014617 |o 320 FIG 1899 |p 1014617 |r 2019-11-22 |w 2019-11-22 |y BK_X |k BUD | ||